000 00671nam a2200217Ia 4500
005 20241129105756.0
008 241129s9999||||xx |||||||||||||| ||und||
020 _a978-1-0718-1335-5
037 _aTB
040 _aARTS
_beng
_cARTS
041 _aeng
_2eng
084 _aW:(D65,8(B))E R3
_qARTS
100 _aPollock Philip H. Au.; Edwards Barry C. Au.
_9724693
245 0 _aMicrosoft excel companion to political analysis
_cPollock Philip H. Au.; Edwards Barry C. Au.
260 _aLondon, UK
_bSage
_c2023
300 _axxvi,356p.
365 _aUSD
_b60
650 _aPolitical Science
942 _cTB
_hW:(D65,8(B))E R3
999 _c1225886
_d1225886